000
00282nam a2200121Ia 4500
008
220216s9999 xx 000 0 und d
245
0
_a
Rubber in life rafts
260
_b
Rubber Developments
_c
1957
300
_a
106-113
650
_a
Rubber
650
_a
Rubber rafts
942
_c
JS
999
_c
67676
_d
67676